000
00283nam a2200121Ia 4500
005
20251222144723.0
008
251222s9999||||xx |||||||||||||| ||spa||
082
_a
657.92/P19/T.I
100
_a
Palomino Hurtado, Carlos
245
0
_a
Método Calpa:
264
_b
CALPA
942
_c
LIB
999
_c
18291
_d
18291